| 000 | 00655nam a2200253Ia 4500 | ||
|---|---|---|---|
| 003 | OSt | ||
| 005 | 20221007110927.0 | ||
| 006 | a|||||r|||| 00| 0 | ||
| 007 | ta | ||
| 008 | 221006b |||||||| |||| 00| 0 eng d | ||
| 020 | _a817504036X | ||
| 024 | _a22,172 | ||
| 037 | _cTextual | ||
| 040 |
_aLCO _cLCO _beng |
||
| 041 |
_2eng _aeng |
||
| 082 | _aZ3,193, P2 | ||
| 100 |
_aButton Mark _9708011 |
||
| 245 | 0 | _aPrivate Policing | |
| 260 |
_aNew _bDelhi Lawman (India) Private Limited India _c2002 |
||
| 300 | _a155 | ||
| 650 |
_aPRIVATE POLICING _9708012 |
||
| 942 |
_hZ3,193, P2 _cTEXL |
||
| 999 |
_c1191735 _d1191735 |
||